000
00338 a2200157 4500
001
45272
020
_a
8576750430
040
_c
Anchieta - Aquarius
100
_a
Prieto, Heloisa
240
1
0
_a
A vida é um palco
_l
por
245
1
0
_a
A vida é um palco
300
_a
61
362
0
_a
2006
650
4
_a
Literatura juvenil
942
_c
BK
999
_c
45272
_d
45272